[Event "2a. Categoria 2005"]
[Site "?"]
[Date "2005.??.??"]
[Round "?"]
[White "Espinoza V., Dagoberto"]
[Black "Pando T., Luis"]
[Result "0-1"]
[WhiteElo "1758"]
[BlackElo "1790"]
[PlyCount "92"]

1. d4 Nf6 2. c4 g6 3. Bg5 Bg7 4. Nc3 O-O 5. Nf3 c6 6. e3 d5 7. Qc2 Bf5 8. Bd3
Bxd3 9. Qxd3 dxc4 10. Qxc4 Nbd7 11. Qd3 Nc5 12. Qc2 Ne6 13. O-O Nxg5 14. Nxg5
Qc7 15. Nce4 Nd5 16. a3 Rfe8 17. Rac1 Qd8 18. Nc5 Rb8 19. Nf3 e6 20. Nd3 Qc7
21. h3 Bh6 22. Nde5 Bg7 23. Ng4 f6 24. Qd2 h5 25. Ngh2 Kh7 26. h4 Bh6 27. Rfe1
Rbd8 28. Qd3 e5 29. Qc2 e4 30. Nd2 f5 31. Nhf1 Qe7 32. g3 g5 33. hxg5 Qxg5 34.
Nh2 Nf6 35. Ndf1 h4 36. Qc4 Re7 37. Qe2 Ng4 38. Nxg4 fxg4 39. Rc5 Rd5 40. Rec1
Rf7 41. Rxd5 cxd5 42. gxh4 Qxh4 43. Ng3 Bf8 44. Qf1 Bd6 45. Qg2 Rf3 46. Rc8
Bxg3 0-1

[Event "2a. Categoria 2005"]
[Site "?"]
[Date "2005.??.??"]
[Round "?"]
[White "Iocco B., Pablo"]
[Black "Retamales P., Esmir"]
[Result "1-0"]
[WhiteElo "1762"]
[BlackElo "1382"]
[PlyCount "65"]

1. e4 e5 2. Nf3 Nc6 3. d4 exd4 4. Nxd4 Bc5 5. Nxc6 bxc6 6. Nc3 Ne7 7. Bc4 O-O
8. O-O Bb4 9. Bf4 d5 10. Bb3 Bd6 11. Bxd6 Qxd6 12. exd5 cxd5 13. Qh5 Bb7 14.
Rad1 Qc6 15. Qg5 15... h6 $4 16. Qxe7 d4 17. Bd5 Qe8 18. Qxe8 Raxe8 19. Bxb7
dxc3 20. bxc3 Re2 21. Rc1 Rb8 22. Bd5 Rd8 23. Bf3 Re5 24. g3 Rc5 25. Rcd1 Rxd1
26. Rxd1 Rxc3 27. Rd8+ Kh7 28. Be4+ g6 29. Ra8 Ra3 30. Bd5 Kg7 31. Rd8 Rc3 32.
Bb3 Rc5 33. Rd7 1-0

[Event "2a. Categoria 2005"]
[Site "?"]
[Date "2005.??.??"]
[Round "?"]
[White "Rosales S., Duncan"]
[Black "Arevalo S., Felipe"]
[Result "1/2-1/2"]
[WhiteElo "1640"]
[BlackElo "1578"]
[PlyCount "138"]

1. c4 e6 2. Nc3 d5 3. cxd5 exd5 4. d4 Nf6 5. Bg5 Be6 6. f3 Nc6 7. e4 dxe4 8. d5
Bxd5 9. Bxf6 Qxf6 10. Qxd5 exf3 11. Qxf3 Qxf3 12. Nxf3 O-O-O 13. Bc4 Re8+ 14.
Kd2 f6 15. Rhe1 Bd6 16. Nd5 Nb4 17. a3 Nxd5 18. Bxd5 c6 19. Be6+ Kc7 20. Re2
Bf4+ 21. Ke1 Re7 22. Kf2 Rhe8 23. Rae1 Kd6 24. Nd4 g6 25. b4 Be5 26. Rb1 Kc7
27. Bg4 h5 28. Ne6+ Kb6 29. Bh3 g5 30. Bf5 g4 31. g3 a6 32. Nf4 Bxf4 33. Rxe7
Bxg3+ 34. hxg3 Rxe7 35. Bg6 f5 36. Rh1 Kb5 37. Rxh5 Ka4 38. Bxf5 Kxa3 39. Rg5
Kxb4 40. Rxg4+ Ka3 41. Bc8 b5 42. Bxa6 b4 43. Rd4 b3 44. Rd3 Re4 45. Rc3 Ka2
46. Rxc6 Ra4 47. Bc4 Ka3 48. Bxb3 Kxb3 49. Kg2 Rc4 50. Rb6+ Kc3 51. Kf3 Kd4 52.
g4 Ke5 53. Rb5+ Kf6 54. Kg3 Re4 55. Rf5+ Kg6 56. Kf3 Rc4 57. Kg3 Rc3+ 58. Kh4
Rc1 59. Rf3 Kh6 60. Kg3 Kg5 61. Rf5+ Kg6 62. Rb5 Rf1 63. Kg2 Rf4 64. Kg3 Rd4
65. Rb6+ Kg5 66. Rb5+ Kg6 67. g5 Re4 68. Kf3 Rd4 69. Rb6+ Kxg5 1/2-1/2

[Event "2a. Categoria 2005"]
[Site "?"]
[Date "2005.??.??"]
[Round "?"]
[White "Castillo F., Jenaro"]
[Black "Rosales V., Claudio"]
[Result "1-0"]
[WhiteElo "1574"]
[BlackElo "1739"]
[PlyCount "93"]

1. d4 d5 2. c4 dxc4 3. Nc3 c6 4. e4 b5 5. a4 Bd7 6. Nf3 Nf6 7. e5 Nd5 8. axb5
Nxc3 9. bxc3 cxb5 10. Ng5 h6 11. Qf3 Bc6 12. Qxf7+ Kd7 13. Qe6+ Kc7 14. Nf7 Bd5
15. Nxd8 Bxe6 16. Nxe6+ Kb6 17. g3 a5 18. Bg2 Nc6 19. O-O Rc8 20. Rd1 Nd8 21.
Nxd8 Rxd8 22. e6 g5 23. Be3 Bg7 24. Ra2 Rd6 25. Bh3 b4 26. cxb4 axb4 27. d5+
Kb5 28. Ra7 Bf6 29. Rb7+ Ka4 30. Bg2 b3 31. Be4 b2 32. Bd4 Bxd4 33. Rxd4 Ra6
34. Rxe7 Kb3 35. Rb7+ Kc3 36. Rd1 Ra1 37. Bb1 Rd8 38. e7 Rxd5 39. Rxd5 Rxb1+
40. Kg2 Re1 41. Rdb5 Re2 42. Kf3 Re6 43. Rxb2 Rxe7 44. Rxe7 Kxb2 45. Rc7 c3 46.
Ke3 c2 47. Kd2 1-0

[Event "2a. Categoria 2005"]
[Site "?"]
[Date "2005.??.??"]
[Round "?"]
[White "Munoz C., Pedro"]
[Black "Espinoza V., Dagoberto"]
[Result "1-0"]
[WhiteElo "1778"]
[BlackElo "1758"]
[PlyCount "45"]

1. e4 c5 2. f4 d6 3. Nf3 Nc6 4. d4 cxd4 5. Nxd4 Nf6 6. Nc3 a6 7. Be3 e6 8. Nxc6
bxc6 9. e5 Nd7 10. exd6 Nb6 11. Be2 Nd5 12. Nxd5 exd5 13. O-O Bxd6 14. c4 Be7
15. Bf3 Be6 16. cxd5 Bxd5 17. Bxd5 Qxd5 18. Qxd5 cxd5 19. Rad1 Rd8 20. Rd3 O-O
21. Rfd1 Bf6 22. Bd4 22... Rd6 $2 23. Bc5 1-0

[Event "2a. Categoria 2005"]
[Site "?"]
[Date "2005.??.??"]
[Round "?"]
[White "Iocco B., Pablo"]
[Black "Torres E., Rodolfo"]
[Result "1/2-1/2"]
[WhiteElo "1762"]
[BlackElo "1759"]
[PlyCount "114"]

1. e4 e5 2. Nf3 Nc6 3. Bb5 a6 4. Ba4 Nf6 5. O-O Bc5 6. Re1 d6 7. c3 b5 8. Bb3
O-O 9. h3 Ne7 10. d4 exd4 11. cxd4 Ba7 12. Bg5 Ng6 13. Nc3 h6 14. Bc1 Bb7 15.
e5 dxe5 16. dxe5 Qxd1 17. Rxd1 Bxf3 18. exf6 $6 18... Bxd1 19. fxg7 Kxg7 20.
Nxd1 Rfe8 21. Ne3 Bxe3 22. Bxe3 Rad8 23. Rc1 Rd7 24. Rc6 a5 25. a4 25... Ne5 $2
26. Bxh6+ Kh7 27. Bc2+ Kg8 28. Ra6 Rd6 29. axb5 Rxa6 30. bxa6 Ra8 31. Bf4 f6
32. Bxe5 fxe5 33. Bd3 c5 34. b3 Ra7 35. Kf1 Kf7 36. g4 Rc7 37. Bc4+ Kf6 38. Kg2
e4 39. Bd5 Ra7 40. Bc4 Ke5 41. Kg3 Kd4 42. Kf4 a4 43. g5 43... axb3 $4 44. Bxb3
Rxa6 45. Bc2 Ra2 46. Bxe4 Rxf2+ 47. Bf3 c4 48. Kg3 Ke3 49. Bd1 Rf1 50. Bc2 Rg1+
51. Kh4 Kf4 52. g6 c3 53. Kh5 Rg5+ 54. Kh6 Rg2 55. g7 Rxg7 56. Kxg7 Kg3 57. Bf5
c2 1/2-1/2

[Event "2a. Categoria 2005"]
[Site "?"]
[Date "2005.??.??"]
[Round "?"]
[White "Pando T., Luis"]
[Black "Torres E., Rodolfo"]
[Result "1/2-1/2"]
[WhiteElo "1790"]
[BlackElo "1759"]
[PlyCount "123"]

1. e4 e5 2. Nf3 Nc6 3. Bc4 d6 4. c3 Nf6 5. Ng5 d5 6. exd5 Nxd5 7. Qf3 Qxg5 8.
Bxd5 Qg6 9. b4 a6 10. Na3 10... Bg4 $2 11. Bxf7+ Qxf7 12. Qxg4 Bd6 13. O-O h5
14. Qc4 Qf5 15. d3 O-O-O 16. Nc2 h4 17. Ne3 Qg6 18. Qg4+ Qxg4 19. Nxg4 Be7 20.
Rd1 Rd5 21. Ne3 Rd7 22. Nf5 Bf6 23. Kf1 Rhd8 24. Ke2 Rd5 25. Ne3 R5d7 26. Bb2
Ne7 27. Ng4 Ng6 28. Nxf6 Nf4+ 29. Kf1 Rxd3 30. Rxd3 Nxd3 31. Ng4 Nxb2 32. Nxe5
Rd5 33. Ng6 Rh5 34. Re1 Kd8 35. Ne5 Na4 36. c4 c5 37. bxc5 Nxc5 38. Rd1+ Kc7
39. Rd5 b6 40. f3 Rf5 41. Ke2 g5 42. Ke3 a5 43. h3 a4 44. Nd3 Rxd5 45. cxd5
Nxd3 46. Kxd3 Kd6 47. Kc4 a3 48. Kb5 $2 48... Kxd5 49. Kxb6 49... Ke5 $4 50.
Kb5 Kf4 51. Kb4 Kg3 52. Kxa3 Kxg2 53. Kb4 Kxf3 54. a4 g4 55. a5 g3 56. a6 g2
57. a7 g1=Q 58. a8=Q+ Kg3 59. Qg8+ Kh2 60. Qb8+ Qg3 61. Qc8 Qxh3 62. Qc2+
1/2-1/2

[Event "2a. Categoria 2005"]
[Site "?"]
[Date "2005.??.??"]
[Round "?"]
[White "Pando T., Luis"]
[Black "Zerega R., Manuel"]
[Result "0-1"]
[WhiteElo "1790"]
[BlackElo "1757"]
[PlyCount "97"]

1. e4 e6 2. d4 d5 3. e5 c5 4. c3 Nc6 5. Nf3 cxd4 6. cxd4 Bb4+ 7. Bd2 Bxd2+ 8.
Qxd2 Nge7 9. Bd3 Qb6 10. Nc3 a6 11. O-O 11... Nxd4 $2 12. Nxd4 O-O 13. Nf3 Bd7
14. Qc2 g6 15. Qd2 Kg7 16. Rab1 Rac8 17. Qg5 Qd8 18. Qf6+ Kg8 19. Qh4 Kg7 20.
Ng5 Rh8 21. Qf4 Rf8 22. h4 f5 23. exf6+ Rxf6 24. Qg3 Qc7 25. Qe3 Rcf8 26. Ne2
e5 27. Ng3 e4 28. Be2 Nf5 29. Nxf5+ Bxf5 30. Rbc1 Qd6 31. Qc3 h6 32. Qc7+ Qxc7
33. Rxc7+ Kg8 34. Nh3 Bxh3 35. gxh3 R6f7 36. Rc5 Rd8 37. Rd1 Rfd7 38. Rcxd5
Rxd5 39. Rxd5 Rc8 40. b4 Rc1+ 41. Kg2 Rc2 42. Kf1 Rxa2 43. Rd8+ Kg7 44. Rd7+
Kf6 45. Rxb7 Ra1+ 46. Kg2 Ra2 47. Rb6+ Ke5 48. Bxa6 e3 49. Re6+ $4 0-1

[Event "2a. Categoria 2005"]
[Site "?"]
[Date "2005.??.??"]
[Round "?"]
[White "Retamales P., Esmir"]
[Black "Farias M., Hernan"]
[Result "0-1"]
[WhiteElo "1382"]
[BlackElo "1637"]
[PlyCount "91"]

1. e4 e5 2. Nf3 Nc6 3. Bc4 Bc5 4. c3 Nf6 5. d3 O-O 6. Bg5 Be7 7. O-O d6 8. h3
Na5 9. Bb5 a6 10. Ba4 b5 11. Bc2 h6 12. Bh4 Nh5 13. Bxe7 Qxe7 14. b4 Nb7 15. d4
f6 16. Nh4 Qf7 17. Qf3 Nf4 18. Kh2 Ng6 19. Qg3 Nxh4 20. Qxh4 Kh8 21. Nd2 Nd8
22. d5 Qg6 23. f4 Nf7 24. f5 Qg5 25. Qf2 h5 26. Nf3 Qh6 27. Nh4 Kg8 28. Ng6 Re8
29. Qh4 Nh8 30. Bd1 Nxg6 31. fxg6 Qxg6 32. Bxh5 Qh6 33. g3 Rf8 34. Bf3 Qg6 35.
Qh5 Kf7 36. Qxg6+ Kxg6 37. Bg4 Bxg4 38. hxg4 Rh8+ 39. Kg2 Rh7 40. Rh1 Rah8 41.
Rxh7 Rxh7 42. a4 Kg5 43. axb5 axb5 44. Ra5 g6 45. Rxb5 Kxg4 46. Rb7 0-1

[Event "2a. Categoria 2005"]
[Site "?"]
[Date "2005.??.??"]
[Round "?"]
[White "Arevalo S., Felipe"]
[Black "Guerra M., Simon"]
[Result "1/2-1/2"]
[WhiteElo "1578"]
[BlackElo "1639"]
[PlyCount "48"]

1. e4 e5 2. Nf3 Nc6 3. Bb5 d6 4. h3 Nf6 5. d3 Bd7 6. c3 a6 7. Ba4 Be7 8. O-O
O-O 9. Re1 b5 10. Bc2 h6 11. d4 exd4 12. cxd4 Na5 13. Nc3 Nh7 14. Ne2 c5 15. b3
Re8 16. dxc5 dxc5 17. Qd3 Be6 18. Bd2 Qxd3 19. Bxd3 Nc6 20. Rac1 Red8 21. Nf4
Nd4 22. Nxd4 Rxd4 23. Be3 Rd7 24. Rc2 Rc7 1/2-1/2

[Event "2a. Categoria 2005"]
[Site "?"]
[Date "2005.??.??"]
[Round "?"]
[White "Torres E., Rodolfo"]
[Black "Retamales P., Esmir"]
[Result "1-0"]
[WhiteElo "1759"]
[BlackElo "1382"]
[PlyCount "49"]

1. e4 e5 2. Nf3 Nc6 3. Bc4 Bc5 4. c3 Na5 5. Be2 5... Nf6 $2 6. b4 Bxf2+ 7. Kxf2
Nc6 8. d3 Ng4+ 9. Ke1 O-O 10. h3 Nf6 11. Bg5 d6 12. Rf1 b5 13. Qd2 a5 14. Kd1
axb4 15. Bxf6 Qxf6 16. Nd4 bxc3 17. Nxc3 Qd8 18. Nxc6 Qd7 19. Nd5 Re8 20. Rc1
Bb7 21. Bg4 f5 22. Bxf5 Qf7 23. Bxh7+ Kxh7 24. Rxf7 Bxc6 25. Qg5 1-0

[Event "2a. Categoria 2005"]
[Site "?"]
[Date "2005.??.??"]
[Round "?"]
[White "Arevalo S., Felipe"]
[Black "Pando T., Luis"]
[Result "1-0"]
[WhiteElo "1578"]
[BlackElo "1790"]
[PlyCount "57"]

1. e4 e5 2. Nf3 Nc6 3. Bb5 a6 4. Ba4 Nf6 5. O-O b5 6. Bb3 Be7 7. Re1 O-O 8. c3
d6 9. h3 Bb7 10. d4 exd4 11. cxd4 Re8 12. Ng5 Rf8 13. Nc3 Na5 14. Bc2 Nc4 15.
b3 Nb6 16. e5 Nfd5 17. Bxh7+ Kh8 18. Bc2 g6 19. Nxd5 Bxd5 20. Qg4 Kg7 21. h4
Rh8 22. Bd2 Nd7 23. e6 Nf6 24. Qg3 Nh5 25. Qd3 Bxg5 26. Bxg5 Qe8 27. exf7 Qc6
28. Qxg6+ Kf8 29. Bh6+ $2 1-0

[Event "2a. Categoria 2005"]
[Site "?"]
[Date "2005.??.??"]
[Round "?"]
[White "Montenegro B., Manuel"]
[Black "Castillo F., Jenaro"]
[Result "0-1"]
[WhiteElo "1718"]
[BlackElo "1574"]
[PlyCount "94"]

1. d4 d5 2. Nf3 Nf6 3. c4 e6 4. Bg5 Be7 5. Nc3 c6 6. a3 Nbd7 7. e3 O-O 8. h3
Ne4 9. Nxe4 dxe4 10. Bxe7 Qxe7 11. Nd2 f5 12. Qb3 Nf6 13. Be2 Kh8 14. f3 e5 15.
O-O-O Be6 16. dxe5 exf3 17. Bxf3 Nd7 18. Qc3 Bg8 19. Be2 Nxe5 20. Nf3 Nd7 21.
b4 Rac8 22. Qd4 Nf6 23. Nd2 Rfd8 24. Qc3 b5 25. Bf3 c5 26. Nf1 26... bxc4 $2
27. Rxd8 Rxd8 28. Qe1 Qe5 29. Nd2 Qc3+ 30. Kd1 Qxa3 31. Ke2 Qd3+ 32. Kf2 Qxd2+
33. Qxd2 Rxd2+ 34. Ke1 Rd3 35. bxc5 Rxe3+ 36. Kd2 Re5 37. c6 Ne4+ 38. Bxe4 fxe4
39. Rf1 Rc5 40. Ke3 Rxc6 41. Kxe4 c3 42. Rc1 c2 43. g4 Bb3 44. Ke5 Rc3 45. h4
Rd3 46. Rf1 Rd1 47. Rf8+ Bg8 0-1

[Event "2a. Categoria 2005"]
[Site "?"]
[Date "2005.??.??"]
[Round "?"]
[White "Espinoza V., Dagoberto"]
[Black "Iocco B., Pablo"]
[Result "1-0"]
[WhiteElo "1758"]
[BlackElo "1762"]
[PlyCount "65"]

1. d4 d5 2. c4 c6 3. Nf3 Nf6 4. Nc3 e6 5. Bg5 Be7 6. e3 Nbd7 7. Qc2 O-O 8. cxd5
cxd5 9. Bd3 h6 10. Bf4 Nh5 11. Be5 Nxe5 12. Nxe5 Nf6 13. O-O a6 14. Rac1 b5 15.
Nc6 Qd7 16. Ne2 Bd6 17. Ng3 Bb7 18. Ne5 Qe8 19. Qd2 Nd7 20. f4 Nb6 21. b3 Qe7
22. e4 Ba3 23. Rc2 Rac8 24. f5 Rxc2 25. Bxc2 Bd6 26. Ng4 26... Bxg3 $2 27. f6
Bxh2+ 28. Kxh2 Qc7+ 29. e5 Rc8 30. Nxh6+ Kh8 31. fxg7+ Kxg7 32. Qg5+ Kh8 33.
Nxf7+ $2 1-0

[Event "2a. Categoria 2005"]
[Site "?"]
[Date "2005.??.??"]
[Round "?"]
[White "Guerra M., Simon"]
[Black "Farias M., Hernan"]
[Result "1-0"]
[WhiteElo "1639"]
[BlackElo "1637"]
[PlyCount "53"]

1. e4 e5 2. Nf3 d6 3. d4 exd4 4. Qxd4 Nc6 5. Qd1 Bg4 6. Be2 Nf6 7. Nc3 Be7 8.
O-O O-O 9. Be3 a6 10. h3 Be6 11. Nd5 Qd7 12. Nxe7+ Nxe7 13. Bd3 Ng6 14. Nh2 Ne8
15. f4 f5 16. exf5 Bxf5 17. Nf3 Bxd3 18. Qxd3 Nf6 19. Qb3+ Kh8 20. Rad1 Ne4 21.
Ne5 Nxe5 22. fxe5 Rxf1+ 23. Rxf1 23... dxe5 $2 24. Qxb7 Re8 25. Qxe4 Qb5 26. b3
Qe2 27. Qxe5 $2 1-0

[Event "2a. Categoria"]
[Site "?"]
[Date "2005.??.??"]
[Round "?"]
[White "Velasco B., Carlos"]
[Black "Romero F., Luis"]
[Result "1-0"]
[WhiteElo "1695"]
[BlackElo "1575"]
[PlyCount "85"]

1. e4 e5 2. Bc4 Nc6 3. c3 Na5 4. Bb5 c6 5. Be2 c5 6. d3 Nc6 7. Be3 Nf6 8. f4 d6
9. f5 b6 10. Bf3 Bb7 11. Ne2 Nb8 12. c4 Be7 13. Nbc3 Nc6 14. Nd5 Qd7 15. a3 Bd8
16. O-O Ne7 17. Nxf6+ gxf6 18. Bh6 Bc7 19. Bg7 Rg8 20. Bxf6 O-O-O 21. Nc3 Bc6
22. b4 Rde8 23. b5 Bb7 24. a4 Kb8 25. Qd2 Nc8 26. Qh6 Bd8 27. Bg7 Ba8 28. h3
Bh4 29. Bg4 f6 30. Bxf6 Bxf6 31. Qxf6 Ref8 32. Qe6 Qd8 33. Qh6 Qe7 34. a5 Rf6
35. Qd2 Qg7 36. Ra3 Rh6 37. Qf2 Rf8 38. Qe3 bxa5 39. Rf2 Rh8 40. Nd5 Rf8 41.
Rxa5 Nb6 42. Nxb6 axb6 43. Raa2 1-0

[Event "2a. Categoria 2005"]
[Site "?"]
[Date "2005.??.??"]
[Round "?"]
[White "Torres E., Rodolfo"]
[Black "Espinoza V., Dagoberto"]
[Result "1-0"]
[WhiteElo "1759"]
[BlackElo "1758"]
[PlyCount "63"]

1. e4 c5 2. Nc3 d6 3. f4 Nc6 4. Nf3 Nf6 5. d3 e6 6. h3 a6 7. Be2 Be7 8. Be3 O-O
9. g4 h6 10. Qd2 Nh7 11. h4 Nd4 12. g5 Nxf3+ 13. Bxf3 d5 14. exd5 exd5 15. Nxd5
Bf5 16. Nxe7+ Qxe7 17. O-O-O Rfe8 18. Rde1 Nf8 19. gxh6 19... gxh6 $2 20. Qg2+
Kh7 21. Bd4 Qxe1+ 22. Rxe1 Rxe1+ 23. Kd2 cxd4 24. Kxe1 Re8+ 25. Kd2 b5 26. Be4
Bxe4 27. dxe4 Ng6 28. f5 Ne7 29. Kd3 Nc6 30. a3 a5 31. Qg3 Rg8 32. Qc7 1-0

[Event "2a. Categoria 2005"]
[Site "?"]
[Date "2005.??.??"]
[Round "?"]
[White "Pando T., Luis"]
[Black "Montenegro B., Manuel"]
[Result "1/2-1/2"]
[WhiteElo "1790"]
[BlackElo "1718"]
[PlyCount "54"]

1. e4 e6 2. d4 d5 3. e5 c5 4. c3 cxd4 5. cxd4 Nc6 6. Nf3 a6 7. Be2 Bb4+ 8. Bd2
Qb6 9. Bd3 Bd7 10. Bxb4 Nxb4 11. Be2 Rc8 12. Nc3 Ne7 13. O-O O-O 14. a3 Nbc6
15. Rb1 Na7 16. Bd3 h6 17. Nh4 Bb5 18. Nxb5 Nxb5 19. Nf3 Nc6 20. Bxb5 Qxb5 21.
Qd2 Ne7 22. Rbc1 Rxc1 23. Rxc1 Rc8 24. Rxc8+ Nxc8 25. h3 Nb6 26. Qc3 26... Qc4
$2 27. Qd2 Qb5 1/2-1/2

[Event "2a. Categoria 2005"]
[Site "?"]
[Date "2005.??.??"]
[Round "?"]
[White "Guerra M., Simon"]
[Black "Rosales V., Claudio"]
[Result "0-1"]
[WhiteElo "1639"]
[BlackElo "1739"]
[PlyCount "94"]

1. e4 e5 2. Nf3 Nc6 3. Bc4 Bc5 4. a3 Nf6 5. b4 Bb6 6. d3 d6 7. Bg5 Be6 8. Bxe6
fxe6 9. c4 O-O 10. O-O a5 11. b5 Nd4 12. Nbd2 Qe8 13. h3 Qg6 14. Be3 Rf7 15.
Nh4 Qh5 16. Qxh5 Nxh5 17. Nhf3 Nc2 18. Bxb6 $2 18... Nxa1 19. Rxa1 cxb6 20. a4
Nf4 21. Ra3 Raf8 22. Kh2 Ne2 23. Ra1 h6 24. Re1 Nc3 25. Ra1 Ne2 26. Re1 Nf4 27.
Re3 g5 28. g3 Ng6 29. Re2 $2 29... h5 $2 30. Kg2 g4 31. hxg4 hxg4 32. Ng5 $2
32... Re7 33. Nf1 Kg7 34. Ne3 Kh6 35. Nxe6 Rxe6 36. Nxg4+ Kh5 37. Ne3 Rg8 38.
g4+ Kg5 39. Re1 Nf4+ 40. Kg3 Nxd3 41. Rh1 Nc5 42. Rh5+ Kg6 43. Nf5 Nxe4+ 44.
Kf3 Ng5+ 45. Kg3 Nf7 46. Nh4+ Kg7 47. Nf5+ Kf8 0-1

[Event "2a. Categoria 2005"]
[Site "?"]
[Date "2005.??.??"]
[Round "?"]
[White "Romero F., Luis"]
[Black "Rosales S., Duncan"]
[Result "0-1"]
[WhiteElo "1575"]
[BlackElo "1640"]
[PlyCount "70"]

1. e4 e5 2. Nf3 Nc6 3. Bb5 a6 4. Bxc6 dxc6 5. Nc3 Bc5 6. h3 Be6 7. Qe2 Qd6 8.
d3 b5 9. a3 Ne7 10. Be3 Ng6 11. Bg5 Ba7 12. Bh4 Nf4 13. Qf1 c5 14. Ne2 Ng6 15.
Ng3 Nxh4 16. Nxh4 Qd4 17. c3 Qa4 18. Nhf5 Rg8 19. Qe2 Rd8 20. O-O Rd7 21. Qd2
Bb3 22. Qg5 Kf8 23. Nh5 f6 24. Qg4 Be6 25. Qh4 Bxf5 26. Nxf6 $2 26... gxf6 27.
Qxf6+ Rf7 28. Qd8+ $2 28... Kg7 29. Qg5+ Kh8 30. Qh5 Bg6 31. Qxe5+ Rgg7 32. f4
Qc2 33. f5 Bxf5 34. Rf2 c4 35. d4 Qxe4 0-1

[Event "2a. Categoria 2005"]
[Site "?"]
[Date "2005.??.??"]
[Round "?"]
[White "Rosales V., Claudio"]
[Black "Iocco B., Pablo"]
[Result "0-1"]
[WhiteElo "1739"]
[BlackElo "1762"]
[PlyCount "100"]

1. e4 e6 2. f4 Nf6 3. e5 Nd5 4. d4 c5 5. c4 Nb4 6. a3 N4c6 7. d5 Nd4 8. Be3 Nf5
9. Bf2 d6 10. Nc3 a6 11. Nf3 Be7 12. g4 Nh4 13. Qd3 exd5 14. Qxd5 Bxg4 15. Nxh4
Bxh4 16. Ne4 Bxf2+ 17. Kxf2 Qh4+ 18. Ke3 O-O 19. Nxd6 Bc8 20. Nxc8 Rxc8 21.
Qxb7 Nc6 22. Bg2 Nd4 23. Rac1 Rcb8 24. Qxa8 $2 24... Rxa8 25. Bxa8 Qh3+ 26. Kf2
Qb3 27. Bd5 $4 27... Qxb2+ 28. Kg3 Ne2+ 29. Kg4 Nxc1 30. Rd1 h5+ 31. Kg5 Qc2
32. Bf3 f6+ 33. exf6 gxf6+ 34. Kxf6 Nd3 35. Bd5+ Kf8 36. Rg1 Qc3+ 37. Kf5 Qd4
38. Rg8+ Ke7 39. Kg5 Qxf4+ 40. Kxh5 Qxh2+ 41. Kg5 Qg3+ 42. Kh6 Qh4+ 43. Kg7 Nf4
44. Bf7 Nh5+ 45. Bxh5 Qxh5 46. Ra8 Qg4+ 47. Kh6 Qxc4 48. Ra7+ Kd6 49. Rg7 Qh4+
50. Kg6 Qg4+ 0-1

[Event "2a. Categoria 2005"]
[Site "?"]
[Date "2005.??.??"]
[Round "?"]
[White "Iocco B., Pablo"]
[Black "Zerega R., Manuel"]
[Result "1-0"]
[WhiteElo "1762"]
[BlackElo "1757"]
[PlyCount "67"]

1. e4 e6 2. d4 d5 3. Nc3 Bb4 4. e5 c5 5. a3 Bxc3+ 6. bxc3 cxd4 7. cxd4 Nc6 8.
f4 Nge7 9. Nf3 Nf5 10. c3 Bd7 11. Bd3 Nh4 12. O-O h6 13. Qe1 Nxf3+ 14. Rxf3 Ne7
15. Bd2 Qc8 16. Qg3 g6 17. Rc1 b5 18. Qh4 Qd8 19. Qf6 Rg8 20. Rh3 h5 21. Rb1 a6
22. g4 Nc6 23. Qxd8+ Kxd8 24. gxh5 gxh5+ 25. Kf2 Na5 26. Rxh5 Nc4 27. Bxc4 dxc4
28. Rg5 Rh8 29. Kg3 Ke7 30. h4 Rh7 31. h5 Bc6 32. Rf1 Be4 33. Kh4 Rah8 34. Ra1
1-0

[Event "2a. Categoria 2005"]
[Site "?"]
[Date "2005.??.??"]
[Round "?"]
[White "Zerega R. , Manuel"]
[Black "Torres E., Rodolfo"]
[Result "0-1"]
[WhiteElo "1757"]
[BlackElo "1759"]
[PlyCount "110"]

1. e4 d5 2. exd5 Qxd5 3. Nc3 Qa5 4. d4 Nf6 5. f3 $6 5... Bf5 6. Bd3 e6 7. Bxf5
Qxf5 8. Nge2 Bd6 9. Qd3 $2 9... Qxd3 10. cxd3 a6 11. a3 Nc6 12. Ne4 Be7 13. Bf4
Nd5 14. Bd2 O-O 15. O-O Rfd8 16. N2c3 $2 16... Nxd4 17. Nxd5 Rxd5 18. Nc3 Rd7
19. Rad1 Rad8 20. Be3 Nb3 21. d4 Nxd4 22. Bxd4 Rxd4 23. Rxd4 Bc5 24. Rfd1 Rxd4
25. Kf1 Rxd1+ 26. Nxd1 Bd4 27. b3 Kf8 28. Ke2 Ke7 29. Kd3 e5 30. Ne3 Bxe3 31.
Kxe3 f5 32. h4 c5 33. Kd3 Kd6 34. h5 Kd5 35. g4 fxg4 36. fxg4 b5 37. Ke3 c4 38.
b4 e4 39. g5 c3 40. g6 hxg6 41. hxg6 41... c2 $2 42. Kd2 c1=Q+ 43. Kxc1 Kc4 44.
Kd2 Kb3 45. Ke3 Kxa3 46. Kxe4 Kxb4 47. Ke5 a5 48. Ke6 a4 49. Kf7 a3 50. Kxg7 a2
51. Kf7 a1=B 52. Ke6 Kc4 53. Kf5 b4 54. Ke4 Bg7 55. Ke3 Kc3 0-1

[Event "2a. Categoria 2005"]
[Site "?"]
[Date "2005.??.??"]
[Round "?"]
[White "Pando T., Luis"]
[Black "Romero F., Luis"]
[Result "1-0"]
[WhiteElo "1790"]
[BlackElo "1575"]
[PlyCount "61"]

1. e4 e5 2. Nf3 Nc6 3. Bb5 a6 4. Ba4 b5 5. Bb3 Bc5 6. c3 Nf6 7. d4 exd4 8. cxd4
Bb4+ 9. Bd2 Nxe4 10. Bxb4 Nxb4 11. a3 11... Qe7 $2 12. O-O Nc6 13. Re1 O-O 14.
Nbd2 Nxf2 15. Kxf2 Qf6 16. Ne4 Qh6 17. Neg5 Bb7 18. Bd5 Qd6 19. Qd3 g6 20. Ne4
Qf4 21. Bxc6 Bxc6 22. d5 Bb7 23. Qd4 f6 24. Qd3 Qf5 25. Rad1 Rae8 26. Ng3 Qf4
27. Re4 Rxe4 28. Qxe4 Qd6 29. Qd4 Re8 30. Ne4 30... Re5 $4 31. Nxd6 1-0

[Event "2a. Categoria 2005"]
[Site "?"]
[Date "2005.??.??"]
[Round "?"]
[White "Rosales S., Duncan"]
[Black "Guerra M-, Simon"]
[Result "1/2-1/2"]
[WhiteElo "1640"]
[BlackElo "1639"]
[PlyCount "41"]

1. e4 e5 2. Nf3 Nc6 3. Bc4 Be7 4. Nc3 Nf6 5. d3 O-O 6. Nd5 d6 7. Nxe7+ Qxe7 8.
c3 a6 9. Bb3 Bg4 10. h3 Be6 11. Ba4 b5 12. Bc2 h6 13. Be3 Nd7 14. d4 d5 15. Qd3
f5 16. Nd2 fxe4 17. Nxe4 dxe4 18. Qxe4 Na5 19. Qh7+ Kf7 20. Qg6+ Kg8 21. Qh7+
1/2-1/2

[Event "2a. Categoria 2005"]
[Site "?"]
[Date "2005.??.??"]
[Round "?"]
[White "Farias M., Hernan"]
[Black "Arevalo S., Felipe"]
[Result "1/2-1/2"]
[WhiteElo "1637"]
[BlackElo "1578"]
[PlyCount "44"]

1. e4 c5 2. Nc3 d6 3. d3 Nc6 4. g3 Nf6 5. Bg2 a6 6. Nf3 b5 7. O-O e6 8. a3 Be7
9. Bd2 Bb7 10. Ne2 Qc7 11. Nf4 h6 12. Bc3 b4 13. axb4 cxb4 14. Bd2 a5 15. Kh1
Rc8 16. c3 d5 17. exd5 exd5 18. cxb4 axb4 19. Ng1 Ne5 20. Re1 g5 21. Nh5 Nxh5
22. Qxh5 Nxd3 1/2-1/2

[Event "2a. Categoria 2005"]
[Site "?"]
[Date "2005.??.??"]
[Round "?"]
[White "Torres E., Rodolfo"]
[Black "Rosales V., Claudio"]
[Result "1-0"]
[WhiteElo "1759"]
[BlackElo "1739"]
[PlyCount "105"]

1. e4 d5 2. exd5 Qxd5 3. Nc3 Qa5 4. d4 e5 5. Bc4 exd4 6. Qxd4 Nc6 7. Qe3+ Be7
8. Nf3 Bg4 9. O-O Bxf3 10. Qxf3 10... Ne5 $2 11. Qxb7 Rd8 12. Bb5+ Kf8 13. Bf4
Bd6 14. Rfe1 f6 15. Rad1 Nf7 16. Qc6 g5 17. Re8+ Rxe8 18. Qxe8+ Kg7 19. Bxd6
cxd6 20. Qd7 Qb4 21. Qxa7 Qxb2 22. Qd4 Qxc2 23. a4 Ngh6 24. Ne4 Ng4 25. h3 Nge5
26. Rd2 Qc1+ 27. Kh2 Qa3 28. Ng3 Rd8 29. Nf5+ Kf8 30. f4 30... h6 $4 31. fxe5
dxe5 32. Qb2 Qc5 33. Rxd8+ Nxd8 34. Nxh6 Nb7 35. Qb3 Kg7 36. Qf7+ Kxh6 37.
Qxf6+ Kh7 38. Qf7+ Kh6 39. Qxb7 Qe3 40. Qc6+ Kh5 41. Qe8+ Kh6 42. Qh8+ Kg6 43.
Be8+ Kf5 44. Qf8+ Ke4 45. Qf3+ Qxf3 46. gxf3+ Kxf3 47. a5 e4 48. a6 e3 49. Bb5
g4 50. hxg4 Kxg4 51. a7 Kf3 52. a8=Q+ Kf2 53. Qg2+ 1-0

[Event "2a. Categoria 2005"]
[Site "?"]
[Date "2005.??.??"]
[Round "?"]
[White "Retamales P., Esmir"]
[Black "Arevalo S., Felipe"]
[Result "0-1"]
[WhiteElo "1578"]
[BlackElo "1382"]
[PlyCount "116"]

1. e4 c5 2. Nf3 d6 3. d4 cxd4 4. Nxd4 Nf6 5. Nc3 a6 6. Be2 e6 7. Bg5 Be7 8. O-O
Nc6 9. Nf3 O-O 10. Bc4 b5 11. Bb3 b4 12. Ne2 Nxe4 13. Bxe7 Qxe7 14. Nfd4 Bb7
15. f3 Nc5 16. Nxc6 Bxc6 17. Nd4 Qb7 18. Nxc6 Qxc6 19. Bc4 Qb6 20. Qd4 Qa7 21.
Rad1 d5 22. Bd3 e5 23. Qe3 f5 24. Kh1 Nxd3 25. Rxd3 Qxe3 26. Rxe3 Rfe8 27. Rfe1
e4 28. fxe4 fxe4 29. Kg1 Rac8 30. c3 Rc4 31. Rd1 Rd8 32. Kf2 Kf7 33. Kg3 Kg6
34. Kg4 h5+ 35. Kf4 Kf6 36. h4 Rf8 37. g3 Ke6+ 38. Kg5 Rf5+ 39. Kg6 Ke5 40.
Kxg7 Rc7+ 41. Kg6 Rf6+ 42. Kg5 Rg7+ 43. Kxh5 Rf8 44. Kh6 Rfg8 45. cxb4 d4 46.
Ra3 Rg6+ 47. Kh7 Rxg3 48. Ra5+ Kf4 49. Rxa6 R8g4 50. Rxd4 Rxh4+ 51. Rh6 Rxh6+
52. Kxh6 Rd3 53. Rc4 Kf3 54. b5 e3 55. b6 Rd6+ 56. Kh5 Rxb6 57. b3 Kf2 58. Rc2+
e2 0-1